Technická práce

Na minha lista:
Detalhes bibliográficos
Formato: Periódico
Idioma:tcheco
Publicado em: Praha Obzor 1981
Tags: Adicionar Tag
Sem tags, seja o primeiro a adicionar uma tag!

MARC

LEADER 00000nas2a22000001 4500
001 s123092
005 20250730114214.4
041 0 |a cze 
044 |a CZ 
245 1 0 |a Technická práce 
264 1 |a Praha  |b Obzor  |c 1981 
300 |a 2 zv. 
773 0 |w eu_un_cat*s120841